| 000 | 00713nam a22002297a 4500 | ||
|---|---|---|---|
| 003 | OSt | ||
| 005 | 20250612113156.0 | ||
| 008 | 201022t1973 sp a|||br|||| 00| f spa d | ||
| 020 | _a8424304659 | ||
| 040 |
_aCO-JMCO _cCO-JMCO |
||
| 041 | 0 | _aspa | |
| 082 | 0 | 4 |
_aJ-N _bSPYh1 _223 |
| 100 | 1 |
_aSpyri, Johanna, _eautora _911799 |
|
| 245 | 1 | 0 |
_aHeidi / _cJ. Spyri |
| 260 |
_aBilbao : _bEdiciones Laida, _c©1973 |
||
| 300 |
_a128 páginas : _bilustraciones a blanco y negro ; _c20 cm. |
||
| 490 | 0 |
_aColección clásica juvenil ; _v11 |
|
| 650 | 1 | 4 |
_aCuentos infantiles suizos _ySiglo XIX _911802 |
| 650 | 1 | 4 |
_aLiteratura infantil suiza _ySiglo XIX _911802 |
| 650 | 2 | 4 | _2Libros y lectura para niños |
| 942 |
_2ddc _cBK |
||
| 999 |
_c6954 _d6954 |
||